| 000 | 00928nam a22001937a 4500 | ||
|---|---|---|---|
| 008 | 120822t xxu||||| |||| 00| 0 eng d | ||
| 020 | _a0789565404 | ||
| 050 | _aTK5105.D745 | ||
| 100 | _aShelly, Gary B. | ||
| 245 |
_aMacromedia: dream weaver complete concepts and techniques. / _cGary B. Shelly |
||
| 260 |
_aNew York: _bThomson, _c2004. |
||
| 300 |
_axv, + various pagings.: _bill.; _c26cm. |
||
| 500 | _aIncludes index. | ||
| 505 | _aContents: Introduction to web development and macroemedia dreamwaever -- Creating a dreamweaver web page and local site -- Adding web pages, links and images -- Tables and page layout -- Page layout with frames -- Forms -- Templates and style sheets -- Dreamweaver help -- Dreamweaver and accessiblity -- Dreamweaver and fireworks -- Publishing. | ||
| 650 |
_aDreamweaver (Computer file) _xTextbooks. |
||
| 700 | _aCashman, Thomas J. | ||
| 700 | _aWells, Dolores J. | ||
| 942 |
_2lcc _cBK |
||
| 999 |
_c2110 _d9610 |
||